书目信息 |
| 题名: |
节气时病五十二方
|
|
| 作者: | 尹勇 主编 | |
| 分册: | ||
| 出版信息: | 北京 化学工业出版社 2025.01 |
|
| 页数: | 243页 | |
| 开本: | 24cm | |
| 丛书名: | ||
| 单 册: | ||
| 中图分类: | R212 | |
| 科图分类: | ||
| 主题词: | 二十四节气--er shi si jie qi--关系--养生(中医) | |
| 电子资源: | ||
| ISBN: | 978-7-122-46308-1 | |
| 000 | 01163nam0 2200253 450 | |
| 001 | 90939 | |
| 005 | 20250816141548.12 | |
| 010 | @a978-7-122-46308-1@dCNY65.80 | |
| 100 | @a20241231d2025 em y0chiy50 ea | |
| 101 | 0 | @achi |
| 102 | @aCN@b110000 | |
| 105 | @aa a 000yy | |
| 106 | @ar | |
| 200 | 1 | @a节气时病五十二方@Ajie qi shi bing wu shi er fang@f尹勇主编 |
| 210 | @a北京@c化学工业出版社@d2025.01 | |
| 215 | @a243页@c图@d24cm | |
| 314 | @a尹勇, 字林潮, 号三鹊先生。青年中医师、青年中医教师。毕业于湖南中医药大学, 获得中西医结合临床和针灸推拿学双专业学历。湖南省首批中医药文化科普专家、“健康中国”优秀科普工作者。 | |
| 320 | @a有书目 (第242-243页) | |
| 330 | @a本书以节气为主线, 根据运气的特点, 介绍了乙已年从立春到大寒24个节气、52周每周容易出现的疾病和症状, 共有52个疾病和症状。首先根据节气物候特点和运气的特点, 总结出本周容易出现的病症, 进行病症分析, 提醒人们注意。然后辅以中西医的理论和治疗认识, 还详细介绍了中医养生防护的方法, 突出天人相应的中医哲学观。 | |
| 606 | 0 | @a二十四节气@Aer shi si jie qi@x关系@x养生(中医) |
| 690 | @aR212@v5 | |
| 701 | 0 | @a尹勇@Ayin yong@4主编 |
| 801 | 0 | @aCN@c20250909 |
| 905 | @a河南城建学院图书馆@dR212@eY605@f1 | |
| 节气时病五十二方/尹勇主编.-北京:化学工业出版社,2025.01 |
| 243页:图;24cm |
| ISBN 978-7-122-46308-1:CNY65.80 |
| 本书以节气为主线, 根据运气的特点, 介绍了乙已年从立春到大寒24个节气、52周每周容易出现的疾病和症状, 共有52个疾病和症状。首先根据节气物候特点和运气的特点, 总结出本周容易出现的病症, 进行病症分析, 提醒人们注意。然后辅以中西医的理论和治疗认识, 还详细介绍了中医养生防护的方法, 突出天人相应的中医哲学观。 |
| ● |
| 相关链接 |
|
|
|
正题名:节气时病五十二方
索取号:R212/Y605
 
预约/预借
| 序号 | 登录号 | 条形码 | 馆藏地/架位号 | 状态 | 备注 |
| 1 | 1624901 | 216249012 | 自科库401/401自科库 9排2列4层/ [索取号:R212/Y605] | 在馆 |